[Event "Gibraltar ChallWk2 13th"]
[Site "Gibraltar"]
[Date "2015.02.01"]
[Round "2.25"]
[White "Burke, Mitchell R"]
[Black "Suez-Panama, Gilles"]
[Result "0-1"]
[WhiteElo "1928"]
[BlackElo "2030"]
[PlyCount "106"]
[EventDate "2015.01.31"]
[EventType "swiss"]
[EventRounds "5"]
[EventCountry "GGB"]
[SourceTitle "BritBase"]
[Source "www.saund.co.uk"]
[SourceDate "2018.02.10"]
[SourceVersion "1"]
[SourceVersionDate "2018.02.10"]
[SourceQuality "1"]

1. f4 Nf6 2. Nf3 d6 3. Nc3 g6 4. e4 c5 5. Bc4 Bg7 6. O-O O-O 7. d3 Bg4 8. Be3
Nc6 9. h3 Bxf3 10. Qxf3 Nd4 11. Qf2 Nd7 12. a3 e6 13. Ba2 b5 14. Nd1 a5 15. c3
Nc6 16. Qg3 Nf6 17. Nf2 b4 18. Rac1 Rb8 19. Nd1 Qe7 20. Qf3 b3 21. Bb1 Nd7 22.
Nf2 Rbc8 23. g4 d5 24. e5 f6 25. exf6 Bxf6 26. Qg2 d4 27. cxd4 Nxd4 28. Ne4 Bg7
29. Kh1 Nb6 30. Nd2 a4 31. Nc4 Nd5 32. Rce1 Nxe3 33. Rxe3 Qc7 34. Qe4 Rf6 35.
Ne5 Rcf8 36. Ree1 g5 37. f5 Rh6 38. Kg2 Bxe5 39. Qxe5 Qc6+ 40. Qe4 exf5 41.
gxf5 Rxf5 42. Rxf5 Nxf5 43. Qxc6 Rxc6 44. Re5 Nh4+ 45. Kf2 h6 46. Re8+ Kf7 47.
Ra8 Rf6+ 48. Ke2 Rf4 49. Ra7+ Kf6 50. Ra6+ Kg7 51. Ra7+ Kf6 52. Ra6+ Ke7 53.
Rxh6 Nf5 0-1

[Event "Gibraltar ChallWk2 13th"]
[Site "Gibraltar"]
[Date "2015.02.01"]
[Round "2.27"]
[White "Kleinert, Juergen"]
[Black "Menna Barreto, Felipe Kubiaki"]
[Result "0-1"]
[WhiteElo "1959"]
[BlackElo "2247"]
[PlyCount "54"]
[EventDate "2015.01.31"]
[EventType "swiss"]
[EventRounds "5"]
[EventCountry "GGB"]
[SourceTitle "BritBase"]
[Source "www.saund.co.uk"]
[SourceDate "2018.02.10"]
[SourceVersion "1"]
[SourceVersionDate "2018.02.10"]
[SourceQuality "1"]

1. e4 c5 2. c3 g6 3. d4 cxd4 4. cxd4 d5 5. e5 Nc6 6. Nc3 Bg7 7. Be2 Nh6 8. g4
O-O 9. h3 f6 10. f4 fxe5 11. fxe5 e6 12. Nf3 Qb6 13. Na4 Qb4+ 14. Bd2 Qe7 15.
Be3 Nf7 16. Qd2 b6 17. h4 Bb7 18. Nc3 Rac8 19. g5 Nfxe5 20. dxe5 Nxe5 21. Nd4
Nc4 22. Bxc4 Rxc4 23. Nde2 Bc6 24. Rh3 e5 25. Nxd5 Qd7 26. Nxb6 Qxh3 27. Nxc4
Qf1# 0-1

[Event "Gibraltar ChallWk2 13th"]
[Site "Gibraltar"]
[Date "2015.02.01"]
[Round "2.28"]
[White "Godinho Marques, Pedro"]
[Black "Van Der Elburg, Freddie"]
[Result "0-1"]
[WhiteElo "1950"]
[BlackElo "2183"]
[PlyCount "53"]
[EventDate "2015.01.31"]
[EventType "swiss"]
[EventRounds "5"]
[EventCountry "GGB"]
[SourceTitle "BritBase"]
[Source "www.saund.co.uk"]
[SourceDate "2018.02.10"]
[SourceVersion "1"]
[SourceVersionDate "2018.02.10"]
[SourceQuality "1"]

1. c4 e5 2. Nc3 Nf6 3. g3 d5 4. cxd5 Nxd5 5. Bg2 Nb6 6. Nf3 Nc6 7. O-O Be7 8.
d3 O-O 9. Bd2 Re8 10. Rc1 Bf8 11. a4 a6 12. Ne4 Nd4 13. a5 Nd5 14. e3 Nb5 15.
Qb3 c6 16. Neg5 Qf6 17. h4 h6 18. Ne4 Qg6 19. Nc5 Kh8 20. Na4 Bg4 21. Nb6 Nxb6
22. axb6 Rad8 23. Bb4 Rxd3 24. Qc4 Bxb4 25. Qxb4 f6 26. Rc4 Be6 27. Rc2 0-1

[Event "Gibraltar ChallWk2 13th"]
[Site "Gibraltar"]
[Date "2015.02.01"]
[Round "2.29"]
[White "Baliuniene, Margarita"]
[Black "Dougherty, Michael"]
[Result "0-1"]
[WhiteElo "1946"]
[BlackElo "2138"]
[PlyCount "34"]
[EventDate "2015.01.31"]
[EventType "swiss"]
[EventRounds "5"]
[EventCountry "GGB"]
[SourceTitle "BritBase"]
[Source "www.saund.co.uk"]
[SourceDate "2018.02.10"]
[SourceVersion "1"]
[SourceVersionDate "2018.02.10"]
[SourceQuality "1"]

1. d4 g6 2. c4 Bg7 3. Nc3 c5 4. d5 f5 5. Nf3 d6 6. e3 Bxc3+ 7. bxc3 Qa5 8. Bd2
Nf6 9. Bd3 Nbd7 10. O-O Nb6 11. Qc2 Qa4 12. Qxa4+ Nxa4 13. Rab1 Nb6 14. Rfe1
Ne4 15. h3 e5 16. Re2 Nf6 17. Ree1 e4 0-1

[Event "Gibraltar ChallWk2 13th"]
[Site "Gibraltar"]
[Date "2015.02.01"]
[Round "2.30"]
[White "Kuhne, Detlev"]
[Black "Ruiz Manrique, Joaquin"]
[Result "0-1"]
[WhiteElo "2131"]
[BlackElo "1945"]
[PlyCount "106"]
[EventDate "2015.01.31"]
[EventType "swiss"]
[EventRounds "5"]
[EventCountry "GGB"]
[SourceTitle "BritBase"]
[Source "www.saund.co.uk"]
[SourceDate "2018.02.10"]
[SourceVersion "1"]
[SourceVersionDate "2018.02.10"]
[SourceQuality "1"]

1. c4 e6 2. Nc3 Nf6 3. Nf3 d5 4. d4 Be7 5. Bf4 c6 6. e3 O-O 7. Qc2 dxc4 8. Bxc4
b5 9. Bd3 a6 10. O-O Bb7 11. Ne4 Nbd7 12. Ne5 Rc8 13. Nxd7 Qxd7 14. Nxf6+ gxf6
15. Bxh7+ Kg7 16. Be4 Bd6 17. Bxd6 Qxd6 18. Qc5 Qd7 19. f4 Rfe8 20. Rf3 Qe7 21.
Qh5 Qb4 22. Raf1 Rg8 23. a3 Qc4 24. b4 f5 25. Rh3 Kf8 26. Bf3 Qc3 27. Qh6+ Ke7
28. Qh4+ Kd7 29. Qf2 Qxa3 30. Qd2 a5 31. bxa5 Ra8 32. Rh7 Rgf8 33. Bh5 Ke7 34.
e4 Qxa5 35. Qf2 Qc3 36. exf5 Ra1 37. fxe6 Rxf1+ 38. Qxf1 Qxd4+ 39. Kh1 Kxe6 40.
Rh6+ Kd7 41. h3 Ra8 42. Qf3 Ra5 43. Rh7 Kc7 44. Rxf7+ Kb6 45. Bg6 b4 46. Kh2
Ra1 47. h4 Ra3 48. Qe4 Qc3 49. Qf3 Qe1 50. Qg4 Ra1 51. Qg5 Qh1+ 52. Kg3 Ra3+
53. Kg4 Qd1+ 0-1

[Event "Gibraltar ChallWk2 13th"]
[Site "Gibraltar"]
[Date "2015.02.01"]
[Round "2.31"]
[White "Tortolero, Cesar"]
[Black "Van De Wynkele, Eric"]
[Result "1/2-1/2"]
[WhiteElo "1937"]
[BlackElo "2017"]
[PlyCount "149"]
[EventDate "2015.01.31"]
[EventType "swiss"]
[EventRounds "5"]
[EventCountry "GGB"]
[SourceTitle "BritBase"]
[Source "www.saund.co.uk"]
[SourceDate "2018.02.10"]
[SourceVersion "1"]
[SourceVersionDate "2018.02.10"]
[SourceQuality "1"]

1. d4 f5 2. Nc3 Nf6 3. Nf3 e6 4. Bg5 Bb4 5. e3 b6 6. Bd3 Bb7 7. O-O Bxc3 8.
bxc3 O-O 9. Qe2 Qe8 10. Bxf6 Rxf6 11. e4 Qh5 12. Rae1 Rh6 13. c4 Nc6 14. h3 Ne7
15. Nh2 Qg6 16. Kh1 Rf8 17. f3 Qg3 18. exf5 Nxf5 19. Bxf5 exf5 20. Qe5 Qxe5 21.
Rxe5 Ba6 22. Rfe1 Bxc4 23. f4 Rh4 24. Re7 Rxf4 25. Rxd7 Re4 26. Rxe4 fxe4 27.
Rxc7 e3 28. Nf3 e2 29. Re7 a5 30. Kg1 Rf5 31. Kf2 h6 32. Rc7 b5 33. a4 Rf7 34.
Rc5 Be6 35. Kxe2 bxa4 36. Rxa5 Rc7 37. Kd2 Bd7 38. Ne5 Bf5 39. c4 Rb7 40. Rb5
Rxb5 41. cxb5 a3 42. Kc3 a2 43. Kb2 Be4 44. g3 Bd5 45. b6 Kf8 46. Nd7+ Ke7 47.
Nc5 Kd6 48. b7 Kc7 49. Nd3 Kxb7 50. Nb4 Be6 51. h4 Kb6 52. Nxa2 Kb5 53. Nc3+
Kc4 54. Ne2 Bg4 55. Nf4 Kxd4 56. Kc2 Ke4 57. Kd2 Kf3 58. Ng6 Kxg3 59. Ke3 Bh5
60. Ne7 Kg4 61. Ke4 Bf7 62. Ke5 h5 63. Nf5 g6 64. Nh6+ Kxh4 65. Nxf7 g5 66. Kf5
g4 67. Kf4 g3 68. Kf3 Kh3 69. Ne5 Kh2 70. Kf4 Kg2 71. Nd3 h4 72. Kg5 h3 73.
Nf4+ Kf3 74. Nxh3 g2 75. Kh4 1/2-1/2

[Event "Gibraltar ChallWk2 13th"]
[Site "Gibraltar"]
[Date "2015.02.01"]
[Round "2.32"]
[White "Machlik, Monika"]
[Black "Morais, Vitor"]
[Result "0-1"]
[WhiteElo "2015"]
[BlackElo "1934"]
[PlyCount "110"]
[EventDate "2015.01.31"]
[EventType "swiss"]
[EventRounds "5"]
[EventCountry "GGB"]
[SourceTitle "BritBase"]
[Source "www.saund.co.uk"]
[SourceDate "2018.02.10"]
[SourceVersion "1"]
[SourceVersionDate "2018.02.10"]
[SourceQuality "1"]

1. d4 Nf6 2. c4 e5 3. dxe5 Ng4 4. Bf4 Nc6 5. Nf3 Bb4+ 6. Nc3 Qe7 7. Qd5 f6 8.
exf6 Bxc3+ 9. bxc3 Nxf6 10. Qd3 d6 11. e3 Ne4 12. Nd4 O-O 13. Bg3 Bd7 14. Be2
Rae8 15. O-O Nc5 16. Qc2 Ne5 17. Bxe5 dxe5 18. Nb3 Bf5 19. Qb2 Nd3 20. Bxd3
Bxd3 21. Rfd1 Bxc4 22. Na5 Ba6 23. Rd2 b6 24. Nc6 Qc5 25. Nb4 Bc4 26. Rad1 a5
27. Nd3 Qe7 28. e4 h6 29. Ne1 Qh4 30. Qc2 Re7 31. Rd8 Ref7 32. Rxf8+ Rxf8 33.
f3 Rd8 34. Rxd8+ Qxd8 35. h3 Qd6 36. Kh2 b5 37. Qb2 Qd1 38. Nc2 Qd2 39. Qb1
Qxc3 40. Ne1 c5 41. Qd1 Kh7 42. Qd7 Qxe1 43. Qf5+ Kh8 44. Qc8+ Bg8 45. Qxc5
Bxa2 46. Qxb5 Qc3 47. h4 Bb3 48. h5 Bf7 49. Qd7 Qb3 50. Qc8+ Bg8 51. Qe8 a4 52.
Qxe5 a3 53. f4 Qb2 54. Qf5 a2 55. e5 a1=Q 0-1

[Event "Gibraltar ChallWk2 13th"]
[Site "Gibraltar"]
[Date "2015.02.01"]
[Round "2.33"]
[White "Hamer, Martyn"]
[Black "Van De Wynkele, Rudy"]
[Result "1-0"]
[WhiteElo "2014"]
[BlackElo "1929"]
[PlyCount "101"]
[EventDate "2015.01.31"]
[EventType "swiss"]
[EventRounds "5"]
[EventCountry "GGB"]
[SourceTitle "BritBase"]
[Source "www.saund.co.uk"]
[SourceDate "2018.02.10"]
[SourceVersion "1"]
[SourceVersionDate "2018.02.10"]
[SourceQuality "1"]

1. e4 g6 2. d4 Bg7 3. c4 c5 4. Nf3 cxd4 5. Nxd4 Nc6 6. Be3 Qb6 7. Nb3 Qd8 8.
Qd2 Nf6 9. f3 d6 10. Nc3 b6 11. Be2 Be6 12. Nd5 Nd7 13. O-O O-O 14. Rfd1 Rc8
15. Rac1 Re8 16. Bf1 Nc5 17. Qf2 Bxd5 18. exd5 Nxb3 19. axb3 Ne5 20. b4 Nd7 21.
b3 Rc7 22. g3 Qb8 23. Bh3 f5 24. g4 Rf8 25. gxf5 gxf5 26. f4 Rf7 27. Bd4 Nf8
28. Bxg7 Kxg7 29. b5 Ng6 30. Bf1 Qh8 31. Bd3 Kf8 32. Kh1 Qf6 33. Rg1 e5 34.
dxe6 Qxe6 35. Rce1 Qc8 36. Rg5 Rf6 37. Qd4 Rcf7 38. b4 Qb7+ 39. Kg1 Qf3 40. Rf1
Qh3 41. Rg3 Qh6 42. c5 dxc5 43. bxc5 bxc5 44. Qxc5+ Re7 45. Bxf5 Nxf4 46. Bg4
Qg7 47. Kh1 Nd5 48. Qg1 Nf4 49. Rgf3 Qg5 50. Qg3 Ref7 51. R3f2 1-0

[Event "Gibraltar ChallWk2 13th"]
[Site "Gibraltar"]
[Date "2015.02.01"]
[Round "2.34"]
[White "Bryant, Richard B E"]
[Black "Ramirez Dominguez, Agustin"]
[Result "0-1"]
[WhiteElo "1904"]
[BlackElo "2013"]
[PlyCount "30"]
[EventDate "2015.01.31"]
[EventType "swiss"]
[EventRounds "5"]
[EventCountry "GGB"]
[SourceTitle "BritBase"]
[Source "www.saund.co.uk"]
[SourceDate "2018.02.10"]
[SourceVersion "1"]
[SourceVersionDate "2018.02.10"]
[SourceQuality "1"]

1. e4 e5 2. Nf3 Nf6 3. Nc3 Nc6 4. d4 exd4 5. Nd5 Be7 6. Nxd4 d6 7. Bb5 Bd7 8.
O-O O-O 9. Bxc6 bxc6 10. Nxe7+ Qxe7 11. Re1 Rfe8 12. Bg5 h6 13. Bh4 Qe5 14. f3
c5 15. Bg3 Qxd4+ 0-1

[Event "Gibraltar ChallWk2 13th"]
[Site "Gibraltar"]
[Date "2015.02.01"]
[Round "2.36"]
[White "Mohnblatt, Daniel"]
[Black "Nilsen, Martin"]
[Result "0-1"]
[WhiteElo "1863"]
[BlackElo "2011"]
[PlyCount "122"]
[EventDate "2015.01.31"]
[EventType "swiss"]
[EventRounds "5"]
[EventCountry "GGB"]
[SourceTitle "BritBase"]
[Source "www.saund.co.uk"]
[SourceDate "2018.02.10"]
[SourceVersion "1"]
[SourceVersionDate "2018.02.10"]
[SourceQuality "1"]

1. d4 Nf6 2. c4 c5 3. d5 e6 4. Nc3 exd5 5. cxd5 d6 6. Nf3 g6 7. Bf4 a6 8. a4
Bg7 9. h3 O-O 10. e3 Qe7 11. Be2 Nbd7 12. O-O b6 13. Qb3 Bb7 14. Nd2 Rac8 15.
Rad1 b5 16. axb5 axb5 17. Bxb5 Nh5 18. Bxd7 Qxd7 19. Nc4 Nxf4 20. exf4 Ba6 21.
Qa2 Bxc4 22. Qxc4 Rb8 23. Qe2 Rb4 24. Qd2 Rfb8 25. Rb1 Qf5 26. g4 Qxf4 27. Qxf4
Rxf4 28. Kg2 Rfb4 29. Ra1 Rxb2 30. Ne4 R2b4 31. Rae1 Rd8 32. f3 Kf8 33. h4 c4
34. Rb1 Rxb1 35. Rxb1 c3 36. Rc1 Ra8 37. Nxc3 Be5 38. g5 Ra5 39. Ne4 Rxd5 40.
f4 Bb2 41. Rc8+ Ke7 42. Rc7+ Ke6 43. Rb7 Bg7 44. Kf3 Rd3+ 45. Kg4 Re3 46. Ng3
Bc3 47. Rb8 Ke7 48. Rb7+ Ke6 49. Rb8 Kd5 50. Rb7 f5+ 51. gxf6 h5+ 52. Nxh5
gxh5+ 53. Kf5 Re8 54. Kg6 Ke6 55. f5+ Kd5 56. Re7 Rg8+ 57. Rg7 Rf8 58. f7 Bxg7
59. Kxg7 Ra8 60. Kf6 Ke4 61. Ke7 Kxf5 0-1

[Event "Gibraltar ChallWk2 13th"]
[Site "Gibraltar"]
[Date "2015.02.01"]
[Round "2.37"]
[White "Rogozenco, Teodora"]
[Black "Risting, Eivind Olav"]
[Result "0-1"]
[WhiteElo "2011"]
[BlackElo "1903"]
[PlyCount "79"]
[EventDate "2015.01.31"]
[EventType "swiss"]
[EventRounds "5"]
[EventCountry "GGB"]
[SourceTitle "BritBase"]
[Source "www.saund.co.uk"]
[SourceDate "2018.02.10"]
[SourceVersion "1"]
[SourceVersionDate "2018.02.10"]
[SourceQuality "1"]

1. d4 Nf6 2. c4 c5 3. d5 b5 4. Qc2 Qa5+ 5. Bd2 b4 6. e4 d6 7. Nf3 g6 8. Be2 Bg7
9. O-O Nxe4 10. Bf4 Nf6 11. Bd3 O-O 12. Nbd2 Re8 13. Rfe1 Nbd7 14. Ng5 Qc7 15.
Ndf3 Nf8 16. Ne4 Nxe4 17. Bxe4 Nd7 18. Bd3 a5 19. a3 Rb8 20. b3 Bxa1 21. Rxa1
bxa3 22. Rxa3 e5 23. dxe6 Rxe6 24. Qc3 Ne5 25. Ng5 Re7 26. Ne4 Bb7 27. Nf6+ Kg7
28. Bg5 h6 29. Bh4 g5 30. Nh5+ Kf8 31. Bg3 Qc6 32. f3 Re6 33. Bf5 Re7 34. h4
Rbe8 35. hxg5 hxg5 36. Ra1 d5 37. cxd5 Qxd5 38. Nf6 Nxf3+ 39. gxf3 Qxf5 40.
Nxe8 0-1

[Event "Gibraltar ChallWk2 13th"]
[Site "Gibraltar"]
[Date "2015.02.01"]
[Round "2.38"]
[White "Schadd, Jan"]
[Black "Isherwood, Paul"]
[Result "1-0"]
[WhiteElo "1853"]
[BlackElo "2002"]
[PlyCount "43"]
[EventDate "2015.01.31"]
[EventType "swiss"]
[EventRounds "5"]
[EventCountry "GGB"]
[SourceTitle "BritBase"]
[Source "www.saund.co.uk"]
[SourceDate "2018.02.10"]
[SourceVersion "1"]
[SourceVersionDate "2018.02.10"]
[SourceQuality "1"]

1. d4 d5 2. c4 dxc4 3. Nf3 a6 4. e3 Nf6 5. Bxc4 b5 6. Bd3 Bb7 7. O-O e6 8. a4
b4 9. Qe2 Nbd7 10. Rd1 c5 11. Nbd2 cxd4 12. exd4 Be7 13. Nc4 Nd5 14. Nce5 N7f6
15. Nxf7 Kxf7 16. Ng5+ Ke8 17. Qxe6 Rf8 18. Nxh7 Qd7 19. Nxf8 Kxf8 20. Qxd7
Nxd7 21. Be4 Nc3 22. Bxb7 1-0

[Event "Gibraltar ChallWk2 13th"]
[Site "Gibraltar"]
[Date "2015.02.01"]
[Round "2.39"]
[White "Odeh, Kenneth"]
[Black "Curado, Manuel Joao Ferro"]
[Result "1-0"]
[WhiteElo "1982"]
[BlackElo "1860"]
[PlyCount "35"]
[EventDate "2015.01.31"]
[EventType "swiss"]
[EventRounds "5"]
[EventCountry "GGB"]
[SourceTitle "BritBase"]
[Source "www.saund.co.uk"]
[SourceDate "2018.02.10"]
[SourceVersion "1"]
[SourceVersionDate "2018.02.10"]
[SourceQuality "1"]

1. e4 c5 2. Nc3 Nc6 3. g3 d6 4. Bg2 Nf6 5. d3 g6 6. h3 Bg7 7. Nge2 O-O 8. O-O
a6 9. Be3 Qc7 10. Qd2 Rd8 11. Bh6 Bh8 12. f4 Rb8 13. f5 b5 14. Nf4 e6 15. g4
Ne5 16. g5 Ne8 17. fxe6 fxe6 18. Nxe6 1-0

[Event "Gibraltar ChallWk2 13th"]
[Site "Gibraltar"]
[Date "2015.02.01"]
[Round "2.40"]
[White "Adebajo, Olufemi"]
[Black "Musi, Dietmar"]
[Result "1-0"]
[WhiteElo "1962"]
[BlackElo "1719"]
[PlyCount "75"]
[EventDate "2015.01.31"]
[EventType "swiss"]
[EventRounds "5"]
[EventCountry "GGB"]
[SourceTitle "BritBase"]
[Source "www.saund.co.uk"]
[SourceDate "2018.02.10"]
[SourceVersion "1"]
[SourceVersionDate "2018.02.10"]
[SourceQuality "1"]

1. e4 e6 2. d4 d5 3. e5 c5 4. c3 Nc6 5. Nf3 Qb6 6. Bd3 cxd4 7. cxd4 Bd7 8. O-O
Nxd4 9. Nxd4 Qxd4 10. Nc3 a6 11. Qe2 Rc8 12. Kh1 Bc5 13. Bd2 Ne7 14. a3 Qh4 15.
f4 g6 16. Rf3 Nf5 17. Bxf5 gxf5 18. Rg3 Kf8 19. Rc1 Bc6 20. b4 Bd4 21. b5 Bxc3
22. Bxc3 axb5 23. Bb4+ Ke8 24. Qf2 Qd8 25. Rg7 Bd7 26. Rd1 Rc4 27. Qg3 Rxb4 28.
axb4 Ke7 29. Qh4+ Ke8 30. Qh5 Rf8 31. Qxh7 Bc6 32. h3 Ke7 33. Qh4+ Ke8 34. Qf2
Rh8 35. Rd3 Kf8 36. Rg5 Qa8 37. Qc5+ Ke8 38. Rdg3 1-0

[Event "Gibraltar ChallWk2 13th"]
[Site "Gibraltar"]
[Date "2015.02.01"]
[Round "2.42"]
[White "Algars, Olle"]
[Black "Haddock, Paul"]
[Result "1-0"]
[WhiteElo "1960"]
[BlackElo "1639"]
[PlyCount "101"]
[EventDate "2015.01.31"]
[EventType "swiss"]
[EventRounds "5"]
[EventCountry "GGB"]
[SourceTitle "BritBase"]
[Source "www.saund.co.uk"]
[SourceDate "2018.02.10"]
[SourceVersion "1"]
[SourceVersionDate "2018.02.10"]
[SourceQuality "1"]

1. Nf3 Nf6 2. c4 g6 3. g3 Bg7 4. Bg2 O-O 5. d4 d6 6. Nc3 e5 7. O-O a5 8. b3
exd4 9. Nxd4 Re8 10. Bb2 Nbd7 11. Qc2 Nc5 12. Rad1 Qe7 13. Ndb5 Bf5 14. Qc1
Rad8 15. Rfe1 c6 16. Nd4 Bd7 17. Ba3 Nfe4 18. Nxe4 Nxe4 19. f3 Nc5 20. e4 Bxd4+
21. Rxd4 Qe5 22. Red1 Bc8 23. Qd2 Ne6 24. Rxd6 Rxd6 25. Qxd6 Qc3 26. Qd2 Qxd2
27. Rxd2 Rd8 28. Rxd8+ Nxd8 29. c5 Kf8 30. Kf2 Ke7 31. Ke3 f5 32. Bf1 fxe4 33.
fxe4 Nf7 34. Bb2 Be6 35. Kd4 Kd7 36. Bc3 a4 37. bxa4 Bxa2 38. Bc4 Bxc4 39. Kxc4
Ng5 40. Kd3 Nf3 41. h4 g5 42. Ke3 Nh2 43. hxg5 Ke6 44. Kf4 Nf1 45. Kg4 Nh2+ 46.
Kh5 Nf3 47. Kh6 Kf7 48. Bf6 Nd2 49. Kxh7 Nxe4 50. Bd8 Nxg3 51. g6+ 1-0

[Event "Gibraltar ChallWk2 13th"]
[Site "Gibraltar"]
[Date "2015.02.02"]
[Round "3.1"]
[White "Brandstetter, Dieter"]
[Black "Galmandakh, Badrakh"]
[Result "0-1"]
[WhiteElo "2065"]
[BlackElo "2240"]
[PlyCount "76"]
[EventDate "2015.01.31"]
[EventType "swiss"]
[EventRounds "5"]
[EventCountry "GGB"]
[SourceTitle "BritBase"]
[Source "www.saund.co.uk"]
[SourceDate "2018.02.10"]
[SourceVersion "1"]
[SourceVersionDate "2018.02.10"]
[SourceQuality "1"]
[TimeControl "7200+945"]
[WhiteClock "0:59:29"]
[BlackClock "1:12:17"]

1. d4 d6 2. g3 g6 3. Bg2 Bg7 4. c4 Nf6 5. Nc3 O-O 6. Nf3 Nc6 7. e4 e5 8. dxe5
Nxe5 9. Nxe5 dxe5 10. Qxd8 Rxd8 11. Nd5 c6 12. Ne7+ Kh8 13. Nxc8 Raxc8 14. Be3
b6 15. Ke2 Bf8 16. Rad1 Bc5 17. Bg5 Kg7 18. f3 h6 19. Bxf6+ Kxf6 20. Bh3 Rb8
21. Rxd8 Rxd8 22. Rd1 Bd4 23. b3 a5 24. a4 h5 25. f4 h4 26. Kf3 hxg3 27. hxg3
g5 28. f5 Kg7 29. Bg2 f6 30. g4 Rf8 31. Ke2 Kf7 32. Rh1 Ke7 33. Kd3 Kd6 34. Rh6
Kc5 35. Kc2 Bf2 36. Rh3 Rd8 37. Rd3 Rh8 38. Kc3 Rh2 0-1

[Event "Gibraltar ChallWk2 13th"]
[Site "Gibraltar"]
[Date "2015.02.02"]
[Round "3.2"]
[White "Ibarra Jerez, Juan Miguel"]
[Black "Alarcon Olmos, Daniel"]
[Result "1-0"]
[WhiteElo "2238"]
[BlackElo "2031"]
[PlyCount "115"]
[EventDate "2015.01.31"]
[EventType "swiss"]
[EventRounds "5"]
[EventCountry "GGB"]
[SourceTitle "BritBase"]
[Source "www.saund.co.uk"]
[SourceDate "2018.02.10"]
[SourceVersion "1"]
[SourceVersionDate "2018.02.10"]
[SourceQuality "1"]
[TimeControl "7200+1275"]
[WhiteClock "0:09:12"]
[BlackClock "0:01:30"]

1. g3 g6 2. Bg2 f5 3. d4 Bg7 4. c4 d6 5. Nc3 Nf6 6. Nf3 O-O 7. O-O c6 8. b3 Kh8
9. Bb2 Be6 10. Qc2 Bg8 11. Rae1 d5 12. Nd2 Na6 13. cxd5 cxd5 14. a3 Rc8 15. Rc1
Qd6 16. Qd3 Ne4 17. Nf3 Nb8 18. e3 a6 19. Ne2 Nd7 20. Rc2 Qb8 21. Rfc1 Nb6 22.
a4 Rxc2 23. Rxc2 Rc8 24. Ba3 Rxc2 25. Qxc2 Qc8 26. Qc1 Bf6 27. Kf1 Kg7 28. Ne5
Qxc1+ 29. Nxc1 Be6 30. f3 Nd6 31. Ned3 Kf8 32. Ke2 Ke8 33. Na2 Kd8 34. Nc3 Na8
35. Nf4 Bg8 36. Nfxd5 Bg7 37. Kd3 Kd7 38. f4 h6 39. a5 Nc7 40. Nb6+ Kd8 41.
Bxd6 exd6 42. b4 Bb3 43. Bxb7 g5 44. Ncd5 gxf4 45. gxf4 h5 46. Nxc7 Kxc7 47.
Bxa6 h4 48. Bc8 Bf8 49. Bxf5 d5 50. Kc3 Bd1 51. Nxd5+ Kc6 52. Be4 Kb5 53. Bd3+
Kc6 54. e4 Bf3 55. b5+ Kb7 56. a6+ Ka7 57. b6+ Kb8 58. a7+ 1-0

[Event "Gibraltar ChallWk2 13th"]
[Site "Gibraltar"]
[Date "2015.02.02"]
[Round "3.3"]
[White "Michalowski, Peter"]
[Black "Scharrer, Patrick"]
[Result "0-1"]
[WhiteElo "2024"]
[BlackElo "2231"]
[PlyCount "88"]
[EventDate "2015.01.31"]
[EventType "swiss"]
[EventRounds "5"]
[EventCountry "GGB"]
[SourceTitle "BritBase"]
[Source "www.saund.co.uk"]
[SourceDate "2018.02.10"]
[SourceVersion "1"]
[SourceVersionDate "2018.02.10"]
[SourceQuality "1"]
[TimeControl "7200+1680"]
[WhiteClock "0:01:00"]
[BlackClock "0:04:14"]

1. e4 c5 2. Nf3 e6 3. d3 Nc6 4. g3 g6 5. Bg2 Bg7 6. O-O Nge7 7. c3 e5 8. Be3 d6
9. Na3 O-O 10. d4 exd4 11. cxd4 Bg4 12. Nc2 Qb6 13. dxc5 dxc5 14. Rb1 Qa5 15.
a3 Rfd8 16. Qc1 Rac8 17. h3 Nd4 18. Bxd4 cxd4 19. hxg4 d3 20. Qe1 Qxe1 21.
Ncxe1 d2 22. Rd1 dxe1=Q 23. Rxd8+ Rxd8 24. Rxe1 Bxb2 25. Rb1 Bxa3 26. Rxb7 Bc5
27. e5 a5 28. Rc7 Rc8 29. Rxc8+ Nxc8 30. Ng5 h6 31. Ne4 Bd4 32. Nf6+ Kf8 33.
Kf1 a4 34. Bd5 Nb6 35. Ba2 Bxe5 36. Nd5 Nd7 37. Ke2 Nc5 38. Nb6 Ke7 39. Bd5 f6
40. Nc4 Bd4 41. f4 g5 42. fxg5 hxg5 43. Bc6 Ke6 44. Bb5 Be5 0-1

[Event "Gibraltar ChallWk2 13th"]
[Site "Gibraltar"]
[Date "2015.02.02"]
[Round "3.4"]
[White "Berrocal Ruiz, Valentin"]
[Black "Janev, Pavel"]
[Result "0-1"]
[WhiteElo "1986"]
[BlackElo "2196"]
[PlyCount "82"]
[EventDate "2015.01.31"]
[EventType "swiss"]
[EventRounds "5"]
[EventCountry "GGB"]
[SourceTitle "BritBase"]
[Source "www.saund.co.uk"]
[SourceDate "2018.02.10"]
[SourceVersion "1"]
[SourceVersionDate "2018.02.10"]
[SourceQuality "1"]
[TimeControl "7200+970"]
[WhiteClock "0:00:38"]
[BlackClock "0:09:54"]

1. d4 Nf6 2. c4 c5 3. d5 e5 4. Nc3 d6 5. e4 Nbd7 6. g3 g6 7. Bg2 Bg7 8. Nge2
O-O 9. O-O Ne8 10. Be3 f5 11. Qd2 Ndf6 12. f3 Bd7 13. a3 b6 14. Kh1 Qe7 15. Bg5
Qf7 16. f4 h6 17. fxe5 dxe5 18. Bxh6 Nd6 19. b3 Bxh6 20. Qxh6 Ng4 21. Qg5 Qh7
22. h3 Nf7 23. Qd2 Nf6 24. Kg1 Kg7 25. Rf2 Rh8 26. Raf1 Raf8 27. Qe3 Ng4 28.
Qd2 Nxf2 29. Rxf2 f4 30. gxf4 Bxh3 31. f5 Bxg2 32. Rxg2 Qh1+ 33. Kf2 Rh2 34.
Rxh2 Qxh2+ 35. Ke1 Qh1+ 36. Kf2 Rh8 37. Qd1 Rh2+ 38. Ke3 Qxd1 39. Nxd1 Rh3+ 40.
Kd2 Rxb3 41. fxg6 Nd6 0-1

[Event "Gibraltar ChallWk2 13th"]
[Site "Gibraltar"]
[Date "2015.02.02"]
[Round "3.5"]
[White "Guerra Rivera, Salvador"]
[Black "Agrest, Inna"]
[Result "1/2-1/2"]
[WhiteElo "1983"]
[BlackElo "2179"]
[PlyCount "77"]
[EventDate "2015.01.31"]
[EventType "swiss"]
[EventRounds "5"]
[EventCountry "GGB"]
[SourceTitle "BritBase"]
[Source "www.saund.co.uk"]
[SourceDate "2018.02.10"]
[SourceVersion "1"]
[SourceVersionDate "2018.02.10"]
[SourceQuality "1"]
[TimeControl "7200+1515"]
[WhiteClock "0:11:41"]
[BlackClock "0:01:16"]

1. e4 e5 2. Nf3 Nc6 3. Nc3 Nf6 4. d4 exd4 5. Nxd4 Bb4 6. Nxc6 bxc6 7. Bd3 d5 8.
exd5 cxd5 9. Qe2+ Be7 10. Bg5 O-O 11. O-O-O Be6 12. Rhe1 h6 13. Bh4 Rb8 14. Bf5
Qd6 15. Bxe6 Qf4+ 16. Kb1 Qxh4 17. Bxd5 Bb4 18. g3 Qg5 19. f4 Qf5 20. Bb3 a5
21. Qc4 c6 22. a3 Bxc3 23. Qxc3 Rb5 24. Bc4 Rb6 25. Qe5 Qh3 26. Qc7 Rbb8 27.
Bxf7+ Kh8 28. Bg6 Qg4 29. f5 Qc4 30. Qf4 Qc3 31. Qc1 Qxa3 32. Rd3 Qa4 33. Qf4
Rb4 34. Qd6 Rfb8 35. Qd8+ Ng8 36. b3 Rxd8 37. Rxd8 Rxb3+ 38. cxb3 Qxb3+ 39. Kc1
1/2-1/2